| 000 | 01095nmm a2200301 a 4500 | ||
|---|---|---|---|
| 001 | ocm0001132551 | ||
| 003 | TR-IsHL | ||
| 005 | 20201028155534.0 | ||
| 008 | 150709s1997 tu tur | ||
| 007 | cr cn | ||
| 035 |
_a1132551 _b(N$T) |
||
| 050 | 0 | 4 |
_aDR432 _b.B69 1997 |
| 090 | 0 | 4 |
_aDR432 _b.B69 1997 |
| 100 | 1 | _aBozgeyik, Burhan | |
| 245 | 1 | 0 |
_aMülâkatlar: tarih, sanat, edebiyat, kültür, hürriyet mücadelesi, din eğitimi vs. konularda 47 seçkin şahsiyetle yapılmış konuşmalar _h[electronic resource] / _cBurhan Bozgeyik |
| 260 |
_aİstanbul : _bBedir Yayınevi, _c1997 |
||
| 300 | _a378 p. | ||
| 650 | 4 | _aTarih | |
| 650 | 4 | _aHistory | |
| 650 | 0 |
_aIntellectuals _x Turkey _x Interviews |
|
| 650 | 0 |
_aArt and literature _x Turkey |
|
| 650 | 0 |
_aEducation _x Turkey |
|
| 650 | 0 |
_aEntelektüeller _x Türkiye _x Görüşmeler |
|
| 650 | 0 |
_aSanat ve edebiyat _x Türkiye |
|
| 650 | 0 |
_aEğitim _x Türkiye |
|
| 650 | 7 |
_aSOCIAL SCIENCE / General _2bisacsh |
|
| 856 | 4 | 0 | _uhttp://search.ebscohost.com/login.aspx?direct=true&scope=site&db=e011xww&AN=1132551 |
| 999 |
_c13134 _d13134 |
||